书目信息 |
| 题名: |
瑞士
|
|
| 作者: | 陈多明 著 | |
| 分册: | ||
| 出版信息: | 北京 中国旅游出版社 2005 |
|
| 页数: | 215页 | |
| 开本: | 21cm | |
| 丛书名: | 玩转地球 | |
| 单 册: | ||
| 中图分类: | K952.29 | |
| 科图分类: | ||
| 主题词: | 旅游指南--瑞士 | |
| 电子资源: | ||
| ISBN: | 7-5032-2475-4 | |
| 000 | 01297nam0 2200373 450 | |
| 000 | 01260nam0 2200361 450 | |
| 000 | 01241nam0 2200361 450 | |
| 000 | 01204nam0 2200349 450 | |
| 000 | 01222nam0 2200337 450 | |
| 000 | 01185nam0 2200325 45 | |
| 001 | TS2006022068 | |
| 005 | 20061210163622.37 | |
| 010 | @a7-5032-2475-4@dCNY36.00 | |
| 092 | @aCN@bTS01-024555 | |
| 100 | @a20060829d2005 em y0chiy0110 ea | |
| 101 | 0 | @achi |
| 102 | @aCN@b110000 | |
| 105 | @aa zg 000yy | |
| 200 | 1 | @a瑞士@Arui shi@e轻松悠哉的世界公园@f陈多明著 |
| 210 | @a北京@c中国旅游出版社@d2005 | |
| 215 | @a215页@c彩照@d21cm | |
| 225 | 2 | @a玩转地球@e行家带路自由行 |
| 312 | @a版权页题名:瑞士,轻松悠哉的世界公园 | |
| 330 | @a本书以自己在瑞士大城小镇的观察写下“城市印象”部分,并以当地人的推荐与介绍为所有读者带路,可以给旅人在实际旅游瑞士时提供深入的帮助。 | |
| 410 | 0 | @12001 @a玩转地球 |
| 510 | 1 | @aSwitzerland@zeng |
| 517 | 1 | @a瑞士,轻松悠哉的世界公园@Arui shi, qing song you zai de shi jie gong yuan |
| 606 | 0 | @a旅游指南@y瑞士 |
| 690 | @aK952.29@v4 | |
| 701 | 0 | @a陈多明@Achen duo ming@4著 |
| 801 | 0 | @aCN@b中图数据@c20061210 |
| 905 | @a10447@dK952.29@e122 | |
| 瑞士:轻松悠哉的世界公园/陈多明著.-北京:中国旅游出版社,2005 |
| 215页:彩照;21cm.-(玩转地球:行家带路自由行) |
| ISBN 7-5032-2475-4:CNY36.00 |
| 本书以自己在瑞士大城小镇的观察写下“城市印象”部分,并以当地人的推荐与介绍为所有读者带路,可以给旅人在实际旅游瑞士时提供深入的帮助。 |
| ● |
| 相关链接 |
|
|
|
|
正题名:瑞士
索取号:K952.29/122
 
预约/预借
| 序号 | 登录号 | 条形码 | 馆藏地/架位号 | 状态 | 备注 |
| 1 | 0615145 | 206151457 | 第二样本阅览室/ [索取号:K952.29/122] | 在馆 | |
| 2 | 0615146 | 206151466 | 第二借阅区/ [索取号:K952.29/122] | 在馆 | |
| 3 | 0615147 | 206151475 | 第二借阅区/ [索取号:K952.29/122] | 在馆 | |
| 4 | 0615148 | 206151484 | 第二借阅区/ [索取号:K952.29/122] | 在馆 | |
| 5 | 0615149 | 206151493 | 第二借阅区/ [索取号:K952.29/122] | 在馆 |